000 00546nam a2200193 i 4500
001 56581
003 ES-MaACL
005 20230906163415.0
007 t|
008 031010s1957 sp ||||1| spa d
100 1 _aDickinson, Emily.
_944493
245 1 0 _aPoemas /
_cEmily Dickinson ; selección y versión de M. Manent.
250 _a[1ª ed.].
260 _aBarcelona :
_bJuventud,
_c[1957] (
_fAtenas)
300 _a165 p., lám. ;
_c19 cm.
700 1 _aManent, M.
_9182598
852 _aES-MaACL
_jC-12260
_bR.40479
999 _c56581
_d56581